000 00769nam a2200205Ia 4500
005 20241129110150.0
008 241129s9999||||xx |||||||||||||| ||und||
037 _aTB
040 _aARTS
_bpun
_cARTS
041 _apun
_2pun
084 _aQ8441xK70 153R2
_qARTS
100 _aਢਿਲੋਂ, ਬਲਵੰਤ ਸਿੰਘ, ਚ।
245 0 _aਬੰਦਾ ਸਿੰਘ ਬਹਾਦਰ ਫ਼ਾਰਸੀ ਸਰੋਤ
_cਢਿਲੋਂ, ਬਲਵੰਤ ਸਿੰਘ, ਚ।
260 _aਅੰਮ੍ਰਿਤਸਰ, ਭਾਰਤ
_bਅੰਮ੍ਰਿਤਸਰ ਸਿੰਘ ਬ੍ਰਦਰਜ਼
_c2022
300 _a351ਪ੍ਰ0
365 _aINR
_b600
650 _aSikkhism
_9726471
942 _cTB
_hQ8441xK70 153R2
999 _c1227563
_d1227563